| 000 | 00931nam a22003017a 4500 | ||
|---|---|---|---|
| 001 | BR2015004412 | ||
| 003 | BR-BrBNA | ||
| 005 | 20230928104712.0 | ||
| 007 | ta | ||
| 008 | 230509b bl.||||| |||| 00| 0 por d | ||
| 040 |
_aBR-BrBNA _bpor _cBiblioteca Nacional de Agricultura |
||
| 041 | _a(Por) | ||
| 072 | _aF01 | ||
| 090 | _ F01 BR2015004412 | ||
| 110 | 1 |
_aEMBRAPA Transferência de Tecnologia, Brasília, DF (Brasil) _93752 |
|
| 245 | 1 |
_aBoas práticas agrícolas para produção de alimentos seguros no campo: cuidados ate a colheita _bSérie Qualidade e Segurança dos Alimentos |
|
| 260 | 3 |
_aBrasília, DF (Brasil): _c2005. |
|
| 300 | _a58 p. | ||
| 500 | _a12 ref.; 69 illus.; 11 tables | ||
| 650 | _aCOLHEITA | ||
| 650 | _aADUBAÇÃO | ||
| 650 | _aCOMPOSTAGEM | ||
| 650 | _aCONTAMINAÇÃO | ||
| 650 | _aMANEJO DE ÁGUA | ||
| 650 | _aMANEJO DO SOLO | ||
| 909 |
_a202309 _bLucia _c55 _dLucia Elande |
||
| 942 | _cBK | ||
| 999 |
_c81288 _d81288 |
||